00925nam a2200217 i 450000100060000000300090000600500170001500700030003200800410003502000180007608000310009424501910012526000630031630000220037960000450040170000400044671000490048685200330053599900170056895201220058517150ES-MaACL20230906151520.0t|010108s2000 sp ||||1| spa d a84-89913-19-6 a75 Juanes, Juan de (064.3)00aJoan de Joanes b: un maestro del Renacimiento : Fundación Santander Central Hispano del 3 de octubre al 26 de noviembre de 2000 / cpreparación y textos: Fernando Benito Doménech. a[S.l.] : bFundación Santander Central Hispano, c[2000] a203 p. ; c30 cm.14aJuanes, Juan de (dca. 1510-1579)9671491 aBenito Doménech, Fernando.9276732 aFundación Santander Central Hispano.94415 aES-MaACLjL-23912 bR.128129 c17150d17150 00104070aATENEOMbATENEOMcDEPO2d2008-01-17eSCl0oL-23912p1017496r2023-02-23 00:00:00w2023-02-23yMONOGRAFIA